00448nam a2200145Ia 4500008004100000041000800041100001400049245002800063260002000091300000900111520002500120999001900145650002000164952011800184230818s2002 xx 000 0 und d aeng aOhopra V. aOriginal Indian Cookery bAmay pub.c2002 a256p aGeneral | Hard Board c854732d854732 aFood Production 00104070aHMMbHMMd2023-08-18eShree Ganeshg225.00l0pHMM-B1180r2023-08-18 00:00:00v225.00w2023-08-18yBK